[Event "Oberliga Ost B 2023 2024"]
[Site "?"]
[Date "2024.02.25"]
[Round "7.3"]
[Board "7"]
[White "Schupp, Uwe"]
[Black "Yavorovsky, Valeriy"]
[Result "1-0"]
[WhiteElo "2010"]
[BlackElo "2347"]
[PlyCount "69"]
[EventDate "2023.10.22"]
[EventType "team-tourn"]
[EventCountry "GER"]
[WhiteTeam "Gernsheim SK"]
[BlackTeam "Oberursel SV"]
[WhiteTeamCountry "GER"]
[BlackTeamCountry "GER"]

1. Nf3 d5 2. g3 Nf6 3. Bg2 e6 4. c4 Be7 5. O-O O-O 6. b3 b6 7. Bb2 Bb7 8. e3 dxc4 9. bxc4 c5 10. Qe2 Nc6 11. d3 Qc7 12. Nc3 Rfd8 13. Rad1 a6 14. Ne1 Na7 15. f4 b5 16. g4 b4 17. Nb1 Bxg2 18. Qxg2 Qc6 19. Nf3 Rab8 20. g5 Ne8 21. Qg4 Qc8 22. Ne5 Nc6 23. Rf3 f5 24. Qh5 Nxe5 25. Rh3 Nf7 26. Qxh7+ Kf8 27. Qg6 Bd6 28. Bxg7+ Nxg7 29. Rh7 Rb7 30. Qxg7+ Ke8 31. g6 Bf8 32. gxf7+ Kd7 33. Qf6 Kc7 34. Qe5+ Kb6 35. Kf2 1-0

[Event "Oberliga Ost B 2023 2024"]
[Site "?"]
[Date "2024.02.25"]
[Round "7.4"]
[Board "1"]
[White "Kunin, Vitaly"]
[Black "Sadeghi, Behrang"]
[Result "1-0"]
[WhiteElo "2522"]
[BlackElo "2223"]
[PlyCount "77"]
[EventDate "2023.10.22"]
[EventType "team-tourn"]
[EventCountry "GER"]
[WhiteTeam "Moerlenbach Birkenau Freibauer"]
[BlackTeam "Homburg Bad SK"]
[WhiteTeamCountry "GER"]
[BlackTeamCountry "GER"]

1. Nf3 Nf6 2. c4 e6 3. d4 b6 4. Nc3 Bb7 5. a3 d6 6. d5 e5 7. e4 Nbd7 8. Bd3 g6 9. h3 Nh5 10. Bg5 Be7 11. Be3 O-O 12. Bc2 Nf4 13. Rg1 Re8 14. Qd2 Bf8 15. g3 Nh5 16. O-O-O a6 17. Ne1 b5 18. cxb5 axb5 19. Nd3 Nb6 20. Bxb6 cxb6 21. Nb4 Qd7 22. h4 Rec8 23. Kb1 Bg7 24. Bd3 Rc5 25. Qe2 Ra5 26. Nba2 Ra8 27. Bxb5 Qc8 28. Rc1 Ba6 29. Bxa6 Rxa6 30. Nb4 Ra8 31. Nc6 Bf8 32. b4 Rxc6 33. dxc6 Qxc6 34. Nd5 Qa4 35. Rc3 Rb8 36. Qe3 Qa7 37. Rgc1 Kg7 38. Rc7 Rb7 39. Qf3 1-0

[Event "Oberliga Ost B 2023 2024"]
[Site "?"]
[Date "2024.02.25"]
[Round "7.4"]
[Board "2"]
[White "Lenz, Jonas"]
[Black "Galdunts, Sergey"]
[Result "1/2-1/2"]
[WhiteElo "2141"]
[BlackElo "2386"]
[PlyCount "54"]
[EventDate "2023.10.22"]
[EventType "team-tourn"]
[EventCountry "GER"]
[WhiteTeam "Homburg Bad SK"]
[BlackTeam "Moerlenbach Birkenau Freibauer"]
[WhiteTeamCountry "GER"]
[BlackTeamCountry "GER"]

1. d4 g6 2. c4 f5 3. g3 Nf6 4. Bg2 Bg7 5. Nf3 O-O 6. O-O d6 7. Nc3 Qe8 8. Re1 Qf7 9. Qd3 h6 10. d5 Na6 11. Be3 Ne4 12. Nd4 Nac5 13. Qc2 Nxc3 14. Qxc3 e5 15. dxe6 Bxe6 16. Qd2 Bxc4 17. Bxh6 Bxh6 18. Qxh6 c6 19. b3 Ba6 20. a4 Ne4 21. Rac1 c5 22. Nf3 Qg7 23. Qe3 Rae8 24. b4 b6 25. Qb3+ Qf7 26. Qa3 Qf6 27. a5 Bc8 1/2-1/2

[Event "Oberliga Ost B 2023 2024"]
[Site "?"]
[Date "2024.02.25"]
[Round "7.4"]
[Board "3"]
[White "Legde, Georg"]
[Black "Wolf, Ulrich Martin"]
[Result "1-0"]
[WhiteElo "2295"]
[BlackElo "2208"]
[PlyCount "139"]
[EventDate "2023.10.22"]
[EventType "team-tourn"]
[EventCountry "GER"]
[WhiteTeam "Moerlenbach Birkenau Freibauer"]
[BlackTeam "Homburg Bad SK"]
[WhiteTeamCountry "GER"]
[BlackTeamCountry "GER"]

1. Nf3 f5 2. g3 Nf6 3. Bg2 g6 4. O-O Bg7 5. d4 O-O 6. b3 d6 7. Bb2 Ne4 8. Nbd2 Nxd2 9. Qxd2 Nc6 10. b4 Qe8 11. c4 Nd8 12. d5 Bxb2 13. Qxb2 Qf7 14. Rac1 a5 15. a3 axb4 16. axb4 e5 17. Ra1 Rb8 18. e4 f4 19. c5 Qe7 20. b5 b6 21. cxd6 cxd6 22. Ra3 g5 23. Nd2 Nb7 24. Ra7 Qd8 25. Rfa1 g4 26. Qc3 Bd7 27. f3 Bxb5 28. fxg4 Be2 29. h3 Qc8 30. Qxc8 Rfxc8 31. gxf4 exf4 32. Re1 Bd3 33. Nf3 b5 34. e5 b4 35. Nd4 Nc5 36. exd6 b3 37. d7 Nxd7 38. Nxb3 Rxb3 39. Rxd7 Bg6 40. Rf1 Rf8 41. Bf3 Re8 42. Bg2 Rf8 43. Rd1 f3 44. Bf1 f2+ 45. Kh2 Re3 46. Rc7 Re1 47. Rcc1 Rfe8 48. Kg2 Bc2 49. Rxc2 Rxd1 50. Rxf2 Rf8 51. Be2 Rd2 52. Bf3 Rd3 53. h4 Kg7 54. Be4 Rd4 55. Rxf8 Kxf8 56. Kf3 h6 57. Kf4 Ke7 58. Ke5 Rd1 59. g5 hxg5 60. hxg5 Rg1 61. d6+ Kd8 62. g6 Re1 63. Kd5 Rd1+ 64. Ke6 Re1 65. Ke5 Re3 66. Kf4 Re1 67. Bf5 Ke8 68. Kg5 Rg1+ 69. Kf6 Kd8 70. g7 1-0

[Event "Oberliga Ost B 2023 2024"]
[Site "?"]
[Date "2024.02.25"]
[Round "7.4"]
[Board "4"]
[White "Kaliski, Erwin"]
[Black "Dittmar, Peter"]
[Result "1/2-1/2"]
[WhiteElo "2202"]
[BlackElo "2132"]
[PlyCount "57"]
[EventDate "2023.10.22"]
[EventType "team-tourn"]
[EventCountry "GER"]
[WhiteTeam "Homburg Bad SK"]
[BlackTeam "Moerlenbach Birkenau Freibauer"]
[WhiteTeamCountry "GER"]
[BlackTeamCountry "GER"]

1. e4 e6 2. d4 d5 3. Nd2 c5 4. exd5 exd5 5. Ndf3 Nc6 6. Be3 c4 7. Ne2 Bd6 8. Bf4 Nge7 9. Qd2 O-O 10. O-O-O b5 11. Bxd6 Qxd6 12. Qf4 Qb4 13. Ne5 Be6 14. g4 Qa5 15. Kb1 Rfd8 16. Qg3 b4 17. f4 f5 18. Bh3 Rd6 19. Rhg1 g6 20. Qh4 fxg4 21. Bxg4 Nf5 22. Qg5 Nce7 23. Bxf5 Bxf5 24. Qxe7 Ra6 25. Nf7 Qxa2+ 26. Kc1 Re6 27. Nh6+ Kh8 28. Nf7+ Kg7 29. Nh6+ 1/2-1/2

[Event "Oberliga Ost B 2023 2024"]
[Site "?"]
[Date "2024.02.25"]
[Round "7.4"]
[Board "5"]
[White "Schneider, Heiko"]
[Black "Schmidt, Walter"]
[Result "1/2-1/2"]
[WhiteElo "2149"]
[BlackElo "2196"]
[PlyCount "50"]
[EventDate "2023.10.22"]
[EventType "team-tourn"]
[EventCountry "GER"]
[WhiteTeam "Moerlenbach Birkenau Freibauer"]
[BlackTeam "Homburg Bad SK"]
[WhiteTeamCountry "GER"]
[BlackTeamCountry "GER"]

1. e4 c5 2. Nf3 Nc6 3. d4 cxd4 4. Nxd4 g6 5. Nc3 Bg7 6. Be3 Nf6 7. Bc4 Qa5 8. O-O O-O 9. Nb3 Qc7 10. Bg5 e6 11. Be2 a6 12. Qd2 b5 13. Bf4 Ne5 14. Bxe5 Qxe5 15. f4 Qc7 16. e5 b4 17. Na4 Nd5 18. Nac5 d6 19. exd6 Qxd6 20. Qc1 Bd4+ 21. Nxd4 Qxc5 22. Rd1 Bb7 23. Kh1 Rac8 24. Bf3 Rfd8 25. a3 Qb6 1/2-1/2

[Event "Oberliga Ost B 2023 2024"]
[Site "?"]
[Date "2024.02.25"]
[Round "7.4"]
[Board "6"]
[White "Erdmann, Stefan"]
[Black "Klings, Peter"]
[Result "1-0"]
[WhiteElo "2126"]
[BlackElo "1977"]
[PlyCount "89"]
[EventDate "2023.10.22"]
[EventType "team-tourn"]
[EventCountry "GER"]
[WhiteTeam "Homburg Bad SK"]
[BlackTeam "Moerlenbach Birkenau Freibauer"]
[WhiteTeamCountry "GER"]
[BlackTeamCountry "GER"]

1. d4 Nf6 2. c4 e6 3. g3 Bb4+ 4. Bd2 c5 5. Bxb4 cxb4 6. Bg2 O-O 7. Nf3 d6 8. O-O a5 9. a3 Na6 10. axb4 Nxb4 11. Na3 Bd7 12. Ne1 Bc6 13. Nd3 Nxd3 14. Qxd3 Bxg2 15. Kxg2 Qe7 16. e4 e5 17. f3 Rfd8 18. Nb5 h5 19. Ra3 b6 20. Nc3 Rac8 21. Nb5 h4 22. Qe2 Qe6 23. Rc3 Kf8 24. d5 Qe7 25. b3 Re8 26. Qe3 Nd7 27. Na7 Rc7 28. Nc6 Qf6 29. Rb1 Kg8 30. b4 axb4 31. Rxb4 Ra8 32. Ra3 Rcc8 33. Rba4 Rxa4 34. Rxa4 Kh7 35. Ra7 Nc5 36. Ne7 Rd8 37. Nf5 hxg3 38. hxg3 Rd7 39. Ra1 Kg8 40. g4 Qd8 41. Rh1 Ra7 42. Nxg7 Ra2+ 43. Kg3 Qf6 44. Nf5 Rb2 45. Rh6 1-0

[Event "Oberliga Ost B 2023 2024"]
[Site "?"]
[Date "2024.02.25"]
[Round "7.4"]
[Board "7"]
[White "Schaefer, Michael"]
[Black "Dunsbach, Ralf"]
[Result "1/2-1/2"]
[WhiteElo "2002"]
[BlackElo "2062"]
[PlyCount "23"]
[EventDate "2023.10.22"]
[EventType "team-tourn"]
[EventCountry "GER"]
[WhiteTeam "Moerlenbach Birkenau Freibauer"]
[BlackTeam "Homburg Bad SK"]
[WhiteTeamCountry "GER"]
[BlackTeamCountry "GER"]

1. d4 Nf6 2. Nf3 g6 3. c4 Bg7 4. Nc3 d5 5. cxd5 Nxd5 6. g3 O-O 7. Bg2 c5 8. O-O Nxc3 9. bxc3 Nc6 10. Be3 cxd4 11. Nxd4 Na5 12. Qc1 1/2-1/2

[Event "Oberliga Ost B 2023 2024"]
[Site "?"]
[Date "2024.02.25"]
[Round "7.4"]
[Board "8"]
[White "Gold, Jan Christian"]
[Black "Wohlfart, Paulus"]
[Result "1-0"]
[WhiteElo "1952"]
[BlackElo "2118"]
[PlyCount "139"]
[EventDate "2023.10.22"]
[EventType "team-tourn"]
[EventCountry "GER"]
[WhiteTeam "Homburg Bad SK"]
[BlackTeam "Moerlenbach Birkenau Freibauer"]
[WhiteTeamCountry "GER"]
[BlackTeamCountry "GER"]

1. d4 d5 2. Nf3 Nf6 3. g3 Bf5 4. Bg2 e6 5. O-O h6 6. c4 c6 7. b3 Nbd7 8. Bb2 Be7 9. Nc3 O-O 10. Rc1 a6 11. Nd2 b5 12. e4 dxe4 13. Ncxe4 Rc8 14. Qe2 Qa5 15. Nc3 Ba3 16. Nde4 bxc4 17. Bxa3 Qxa3 18. Qxc4 c5 19. dxc5 Nxc5 20. Nb1 Ncxe4 21. Nxa3 Rxc4 22. Nxc4 Nd5 23. Rfe1 Nec3 24. Bxd5 Nxd5 25. Nd6 Bg6 26. a3 Rb8 27. Rc8+ Rxc8 28. Nxc8 Kf8 29. Rc1 Ke8 30. Nd6+ Kd7 31. Nb7 Nc7 32. a4 e5 33. f3 f6 34. Kf2 Bf7 35. Nc5+ Kd6 36. Nb7+ Kd7 37. Ke2 Bd5 38. Nc5+ Kd6 39. Ne4+ Kd7 40. Nc5+ Kd6 41. b4 Bc6 42. Nxa6 Ne6 43. b5 Nd4+ 44. Kf2 Bxf3 45. Rc7 Be2 46. Rxg7 e4 47. Rg6 Bc4 48. Nb4 Kc5 49. Nc6 Nc2 50. Rg4 e3+ 51. Kf3 Bd3 52. Nd4 f5 53. Rf4 Nxd4+ 54. Kxe3 Be4 55. Rxe4 fxe4 56. Kxe4 Ne2 57. Kf5 Nc3 58. Kg6 Nxa4 59. Kxh6 Kxb5 60. g4 Nc5 61. g5 Ne4 62. g6 Kc5 63. g7 Nf6 64. Kg6 Ng8 65. h4 Kd6 66. Kf7 Nh6+ 67. Kg6 Ng8 68. Kh7 Nf6+ 69. Kh8 Ke7 70. h5 1-0

[Event "Oberliga Ost B 2023 2024"]
[Site "?"]
[Date "2024.02.25"]
[Round "7.5"]
[Board "1"]
[White "Gloeckler, Christian"]
[Black "Sadzikowski, Daniel"]
[Result "0-1"]
[WhiteElo "2312"]
[BlackElo "2498"]
[PlyCount "70"]
[EventDate "2023.10.22"]
[EventType "team-tourn"]
[EventCountry "GER"]
[WhiteTeam "Wiesbadener SV"]
[BlackTeam "Heusenstamm SC"]
[WhiteTeamCountry "GER"]
[BlackTeamCountry "GER"]

1. e4 c6 2. d4 d5 3. exd5 cxd5 4. Bd3 Nf6 5. c3 Bg4 6. Qb3 Qc7 7. h3 Bh5 8. g4 Bg6 9. Bxg6 hxg6 10. g5 Nfd7 11. Qxd5 e5 12. Nf3 Nc6 13. Qe4 O-O-O 14. d5 f5 15. gxf6 Nxf6 16. Qxg6 Rxd5 17. c4 Nd4 18. Nxd4 exd4 19. Kd1 Qxc4 20. Bg5 Rxh3 21. Rg1 Re5 22. Nd2 Qe2+ 23. Kc1 Rc5+ 24. Kb1 Qg4 25. Rc1 Rxc1+ 26. Kxc1 Rh1+ 27. Kc2 Rxa1 28. Qf7 Qf5+ 29. Kb3 Qb5+ 30. Kc2 d3+ 31. Kc3 Rc1+ 32. Kd4 Bc5+ 33. Ke5 Be3+ 34. Kd6 Qc6+ 35. Ke7 Bc5# 0-1

[Event "Oberliga Ost B 2023 2024"]
[Site "?"]
[Date "2024.02.25"]
[Round "7.5"]
[Board "3"]
[White "Geske, Julian"]
[Black "Zuyev, Igor"]
[Result "0-1"]
[WhiteElo "2389"]
[BlackElo "2455"]
[PlyCount "56"]
[EventDate "2023.10.22"]
[EventType "team-tourn"]
[EventCountry "GER"]
[WhiteTeam "Wiesbadener SV"]
[BlackTeam "Heusenstamm SC"]
[WhiteTeamCountry "GER"]
[BlackTeamCountry "GER"]

1. e4 e5 2. Nf3 Nc6 3. Bb5 a6 4. Ba4 b5 5. Bb3 Nf6 6. d4 d6 7. Ng5 d5 8. dxe5 Nxe5 9. exd5 h6 10. Nf3 Bg4 11. Nbd2 Bc5 12. O-O O-O 13. h3 Bh5 14. g4 Nxf3+ 15. Nxf3 Qd6 16. gxh5 Qg3+ 17. Kh1 Qxh3+ 18. Nh2 Bd6 19. f4 Nxh5 20. Rf3 Ng3+ 21. Rxg3 Qxg3 22. Qf3 Qe1+ 23. Nf1 Rae8 24. c4 Re2 25. Bd2 Qh4+ 26. Kg1 Bc5+ 27. Be3 Rxe3 28. Nxe3 Re8 0-1

[Event "Oberliga Ost B 2023 2024"]
[Site "?"]
[Date "2024.02.25"]
[Round "7.5"]
[Board "4"]
[White "Solonar, Stefan"]
[Black "Dubkov, Andrej"]
[Result "0-1"]
[WhiteElo "2277"]
[BlackElo "2360"]
[PlyCount "82"]
[EventDate "2023.10.22"]
[EventType "team-tourn"]
[EventCountry "GER"]
[WhiteTeam "Heusenstamm SC"]
[BlackTeam "Wiesbadener SV"]
[WhiteTeamCountry "GER"]
[BlackTeamCountry "GER"]

1. c4 e5 2. Nc3 Bb4 3. g3 Bxc3 4. bxc3 d6 5. Bg2 Nc6 6. Rb1 Nge7 7. e4 O-O 8. Ne2 b6 9. O-O f5 10. d3 fxe4 11. Bxe4 Bh3 12. Re1 Qd7 13. Bg5 Rae8 14. Qa4 Bf5 15. Nc1 Bxe4 16. Rxe4 h6 17. Bxe7 Rxe7 18. Qd1 Ref7 19. Rb2 Nd8 20. Qg4 Ne6 21. h4 Rf3 22. Kg2 Qf7 23. Ree2 Nc5 24. Rbd2 h5 25. Qh3 Qe8 26. Re3 Rxe3 27. fxe3 e4 28. d4 Nd3 29. Nxd3 exd3 30. Kh2 Qe4 31. Qg2 Qxe3 32. Qd5+ Rf7 33. Qg2 Rf3 34. Rb2 c5 35. dxc5 dxc5 36. Kh3 Qe6+ 37. Kh2 Re3 38. Qf2 Re2 39. Rxe2 dxe2 40. Qe1 Qxc4 41. Qd2 Qe4 0-1

[Event "Oberliga Ost B 2023 2024"]
[Site "?"]
[Date "2024.02.25"]
[Round "7.5"]
[Board "5"]
[White "Anwesh, Upadhyaya"]
[Black "Klundt, Klaus"]
[Result "1-0"]
[WhiteElo "2340"]
[BlackElo "2273"]
[PlyCount "77"]
[EventDate "2023.10.22"]
[EventType "team-tourn"]
[EventCountry "GER"]
[WhiteTeam "Wiesbadener SV"]
[BlackTeam "Heusenstamm SC"]
[WhiteTeamCountry "GER"]
[BlackTeamCountry "GER"]

1. e4 c5 2. Nc3 e6 3. Nge2 Nc6 4. d4 cxd4 5. Nxd4 Qc7 6. Be3 a6 7. Bd3 Nf6 8. O-O b5 9. Nxc6 dxc6 10. f4 e5 11. f5 Bb7 12. a4 b4 13. Nb1 Nd7 14. Nd2 Bc5 15. Bxc5 Nxc5 16. Bc4 a5 17. Qg4 O-O-O 18. f6+ Qd7 19. Qxd7+ Rxd7 20. fxg7 Rg8 21. Rxf7 Rxf7 22. Bxf7 Rxg7 23. Nb3 Nxb3 24. Be6+ Kc7 25. cxb3 Ba6 26. Kf2 Kd6 27. Bf5 h6 28. Rd1+ Kc7 29. g4 Bb7 30. Rd3 c5 31. h4 Bc6 32. g5 hxg5 33. h5 Rf7 34. Kg3 Rf6 35. Kg4 Bxe4 36. Bxe4 Rf4+ 37. Kxg5 Rxe4 38. h6 Re2 39. Rh3 1-0

[Event "Oberliga Ost B 2023 2024"]
[Site "?"]
[Date "2024.02.25"]
[Round "7.5"]
[Board "6"]
[White "Paszewski, Mateusz"]
[Black "Minor, Samuel"]
[Result "1/2-1/2"]
[WhiteElo "2294"]
[BlackElo "2222"]
[PlyCount "77"]
[EventDate "2023.10.22"]
[EventType "team-tourn"]
[EventCountry "GER"]
[WhiteTeam "Heusenstamm SC"]
[BlackTeam "Wiesbadener SV"]
[WhiteTeamCountry "GER"]
[BlackTeamCountry "GER"]

1. e4 c5 2. Nf3 d6 3. d4 cxd4 4. Nxd4 Nf6 5. Nc3 a6 6. Nb3 e6 7. g4 b5 8. Bg2 Bb7 9. g5 b4 10. Nd5 Nfd7 11. Nxb4 d5 12. Nd3 dxe4 13. Qg4 exd3 14. Bxb7 Ra7 15. Bg2 dxc2 16. O-O Nc5 17. Nxc5 Bxc5 18. Qa4+ Nd7 19. Qxc2 O-O 20. Rd1 Qb6 21. Bf4 e5 22. Bg3 Bd4 23. Rab1 Rc7 24. Qe2 Rfc8 25. Be4 g6 26. b4 a5 27. bxa5 Qxa5 28. Rb7 Rxb7 29. Bxb7 Rc3 30. Kg2 Qc5 31. Be4 Nf8 32. h4 Ne6 33. Qg4 Rc1 34. Rxc1 Qxc1 35. Bd5 Nf4+ 36. Bxf4 Qxf4 37. Qxf4 exf4 38. Kf3 Kg7 39. Kxf4 1/2-1/2

[Event "Oberliga Ost B 2023 2024"]
[Site "?"]
[Date "2024.02.25"]
[Round "7.5"]
[Board "7"]
[White "Gottschalk, Jens"]
[Black "Roeschlau, Bernd"]
[Result "0-1"]
[WhiteElo "2217"]
[BlackElo "2194"]
[PlyCount "100"]
[EventDate "2023.10.22"]
[EventType "team-tourn"]
[EventCountry "GER"]
[WhiteTeam "Wiesbadener SV"]
[BlackTeam "Heusenstamm SC"]
[WhiteTeamCountry "GER"]
[BlackTeamCountry "GER"]

1. d4 d5 2. c4 e6 3. Nf3 c5 4. cxd5 exd5 5. g3 Nc6 6. Bg2 Nf6 7. O-O Be7 8. Nc3 O-O 9. dxc5 Bxc5 10. Na4 Be7 11. Be3 Re8 12. Rc1 Ne4 13. Nd4 Bd7 14. a3 Bf8 15. Nb3 Be6 16. Nac5 Bxc5 17. Nxc5 Nxc5 18. Bxc5 Qd7 19. e3 Rad8 20. Qa4 Bh3 21. Rfd1 Bxg2 22. Kxg2 Re4 23. Qxe4 dxe4 24. Rxd7 Rxd7 25. b4 a6 26. a4 f5 27. b5 axb5 28. axb5 Ne5 29. Bd4 Nf3 30. Rc8+ Kf7 31. Bc3 g5 32. Bd4 h5 33. Rh8 h4 34. Rh7+ Ke6 35. Rh6+ Kd5 36. gxh4 Nxh4+ 37. Kf1 Kc4 38. b6 Kd3 39. Rh8 Nf3 40. h3 Rd5 41. Ra8 Rb5 42. Ra3+ Kc4 43. Ra1 Nxd4 44. Rc1+ Kd5 45. exd4 Kxd4 46. Rc7 Rxb6 47. Rg7 f4 48. Rxg5 Rb1+ 49. Ke2 f3+ 50. Kd2 Rf1 0-1

[Event "Oberliga Ost B 2023 2024"]
[Site "?"]
[Date "2024.02.25"]
[Round "7.5"]
[Board "8"]
[White "Flach, Erich"]
[Black "Geske, Bruna"]
[Result "0-1"]
[WhiteElo "2071"]
[BlackElo "2019"]
[PlyCount "116"]
[EventDate "2023.10.22"]
[EventType "team-tourn"]
[EventCountry "GER"]
[WhiteTeam "Heusenstamm SC"]
[BlackTeam "Wiesbadener SV"]
[WhiteTeamCountry "GER"]
[BlackTeamCountry "GER"]

1. c4 Nf6 2. Nc3 c6 3. e4 d5 4. exd5 cxd5 5. cxd5 Nxd5 6. Bc4 Nxc3 7. Qf3 e6 8. dxc3 Be7 9. Bf4 O-O 10. Qg3 Bh4 11. Qe3 e5 12. Bg3 Bg5 13. Qe2 Nc6 14. Nf3 Bg4 15. O-O Kh8 16. h3 Bh5 17. Rad1 Qe7 18. Bd5 f6 19. Qc4 Bh6 20. Qh4 Qe8 21. Rfe1 Bf7 22. c4 Bh5 23. Rd3 g5 24. Qe4 Bg6 25. Qe2 Bxd3 26. Qxd3 Nb4 27. Qb3 Nxd5 28. cxd5 Qd7 29. Rd1 Rac8 30. Nd2 Rfd8 31. Ne4 Bg7 32. f3 Qc7 33. Bf2 b6 34. Nc3 Qc4 35. Qa3 Rd7 36. Be3 Bf8 37. d6 Rc6 38. Ne4 f5 39. Nxg5 h6 40. Rc1 Qd5 41. Rxc6 Qxc6 42. Ne6 Qxd6 43. Nxf8 Qxa3 44. bxa3 Rd6 45. Nd7 Rxd7 46. Bxh6 Kg8 47. Kh2 Rd1 48. h4 f4 49. Bg5 Kf7 50. Kh3 Rd2 51. h5 Rxa2 52. Kg4 Rxa3 53. Kf5 b5 54. h6 Kg8 55. Bf6 Kh7 56. Kxe5 b4 57. Kxf4 Ra2 58. g4 b3 0-1

[Event "Oberliga Ost B 2023 2024"]
[Site "?"]
[Date "2024.02.25"]
[Round "7.6"]
[Board "1"]
[White "Paschke, Mario"]
[Black "Haack, Kevin"]
[Result "0-1"]
[WhiteElo "2186"]
[BlackElo "2260"]
[PlyCount "74"]
[EventDate "2023.10.22"]
[EventType "team-tourn"]
[EventCountry "GER"]
[WhiteTeam "Eppstein SVG"]
[BlackTeam "Hofheim SV II"]
[WhiteTeamCountry "GER"]
[BlackTeamCountry "GER"]

1. e4 c6 2. Nc3 d5 3. Nf3 Bg4 4. Be2 e6 5. d4 h6 6. h3 Bh5 7. Ne5 Bxe2 8. Qxe2 dxe4 9. O-O Nf6 10. Nxe4 Qxd4 11. Nxf6+ gxf6 12. Ng6 fxg6 13. Qxe6+ Be7 14. Re1 Qd7 15. Qxf6 Rf8 16. Qxg6+ Kd8 17. Bg5 Bxg5 18. Rad1 Kc7 19. Rxd7+ Nxd7 20. Rd1 Rad8 21. Qg7 Rfe8 22. Qf7 Re7 23. Qf5 Rde8 24. g3 Re1+ 25. Rxe1 Rxe1+ 26. Kg2 Ra1 27. Qa5+ Kb8 28. a4 Rd1 29. h4 Rd5 30. Qb4 Bd2 31. Qe7 Kc7 32. f4 Bc1 33. b4 h5 34. Kf3 a5 35. bxa5 Bb2 36. Qb4 Bd4 37. c4 Bc5 0-1

[Event "Oberliga Ost B 2023 2024"]
[Site "?"]
[Date "2024.02.25"]
[Round "7.6"]
[Board "2"]
[White "Plenca, Julijan"]
[Black "Marschner, Thomas"]
[Result "1-0"]
[WhiteElo "2433"]
[BlackElo "1953"]
[PlyCount "115"]
[EventDate "2023.10.22"]
[EventType "team-tourn"]
[EventCountry "GER"]
[WhiteTeam "Hofheim SV II"]
[BlackTeam "Eppstein SVG"]
[WhiteTeamCountry "GER"]
[BlackTeamCountry "GER"]

1. e4 c5 2. Nf3 Nc6 3. d4 cxd4 4. Nxd4 e5 5. Nb5 d6 6. N1c3 a6 7. Na3 Be6 8. Nd5 Nf6 9. Nxf6+ Qxf6 10. Be3 Qg6 11. f3 Be7 12. Qd2 O-O 13. Nc4 b5 14. Nb6 Rab8 15. Bd3 Nd4 16. Nd5 Bh4+ 17. Kd1 Bxd5 18. exd5 Nf5 19. g3 Bd8 20. Bf2 Qf6 21. c3 Bb6 22. Bxb6 Rxb6 23. Rf1 Ne7 24. Qe3 Rbb8 25. f4 Qh6 26. Qf3 exf4 27. gxf4 f5 28. Kc2 b4 29. c4 Qf6 30. Rf2 a5 31. Re1 Ng6 32. Re6 Qd4 33. Qe3 Qxe3 34. Rxe3 Rf6 35. Kb3 Kf7 36. Ka4 Ra8 37. h4 Nf8 38. Rfe2 Ng6 39. Bc2 Nxf4 40. Rf2 Ng6 41. Bxf5 Ne5 42. Be6+ Ke7 43. Rxf6 Kxf6 44. Re4 Nd3 45. Kb5 Nxb2 46. Bg4 Kf7 47. Be2 b3 48. axb3 Rb8+ 49. Kc6 Rxb3 50. Kxd6 a4 51. c5 a3 52. Re7+ Kf6 53. Ra7 Re3 54. Bb5 Rb3 55. Kc6 h6 56. d6 Ke6 57. d7 Ke7 58. Ra8 1-0

[Event "Oberliga Ost B 2023 2024"]
[Site "?"]
[Date "2024.02.25"]
[Round "7.6"]
[Board "4"]
[White "Weber, Ulrich"]
[Black "Raab, Peter"]
[Result "1/2-1/2"]
[WhiteElo "2329"]
[BlackElo "2151"]
[PlyCount "58"]
[EventDate "2023.10.22"]
[EventType "team-tourn"]
[EventCountry "GER"]
[WhiteTeam "Hofheim SV II"]
[BlackTeam "Eppstein SVG"]
[WhiteTeamCountry "GER"]
[BlackTeamCountry "GER"]

1. Nf3 c5 2. g3 Nc6 3. Bg2 g6 4. e4 Bg7 5. O-O e5 6. Re1 Nge7 7. Na3 O-O 8. Nc4 d6 9. a4 Be6 10. d3 h6 11. c3 Qd7 12. a5 Rab8 13. Nfd2 Qc7 14. Qa4 Bd7 15. Qa2 Be6 16. Qa4 Bd7 17. Qc2 b5 18. axb6 axb6 19. Ne3 b5 20. Nd5 Qb7 21. Nf1 Nxd5 22. exd5 Ne7 23. Ne3 Ra8 24. Bd2 Rxa1 25. Rxa1 Ra8 26. Qb1 Ra7 27. Ra3 Qa8 28. Rxa7 Qxa7 29. b4 cxb4 1/2-1/2

[Event "Oberliga Ost B 2023 2024"]
[Site "?"]
[Date "2024.02.25"]
[Round "7.6"]
[Board "5"]
[White "Biegel, Thomas"]
[Black "Zude, Arno"]
[Result "0-1"]
[WhiteElo "1959"]
[BlackElo "2330"]
[PlyCount "88"]
[EventDate "2023.10.22"]
[EventType "team-tourn"]
[EventCountry "GER"]
[WhiteTeam "Eppstein SVG"]
[BlackTeam "Hofheim SV II"]
[WhiteTeamCountry "GER"]
[BlackTeamCountry "GER"]

1. d4 Nf6 2. c4 e6 3. Nf3 d5 4. g3 dxc4 5. Bg2 a6 6. Ne5 c5 7. e3 cxd4 8. Qxd4 Qxd4 9. exd4 Nd5 10. Nxc4 Bb4+ 11. Bd2 Nc6 12. Bxd5 exd5 13. Nb6 Rb8 14. Bxb4 Nxb4 15. Kd2 Be6 16. Nc3 O-O 17. Nca4 Rfd8 18. a3 Nc6 19. Kc3 Rd6 20. Rhe1 Na7 21. Rad1 Rc6+ 22. Kb3 Nb5 23. Rd2 Rd8 24. Kb4 h6 25. Re3 g6 26. Ka5 Rdd6 27. f3 Kg7 28. Re5 Na7 29. Re3 Rc1 30. Kb4 Nc6+ 31. Kb3 h5 32. Rc3 Rf1 33. Ka2 Bf5 34. b3 Re6 35. b4 Ree1 36. Nxd5 Be6 37. Rc5 Rd1 38. Rxd1 Rxd1 39. Kb2 Nxd4 40. Ne3 Re1 41. Rc3 Re2+ 42. Kc1 Rxh2 43. Kb1 Ba2+ 44. Ka1 Nb3+ 0-1

[Event "Oberliga Ost B 2023 2024"]
[Site "?"]
[Date "2024.02.25"]
[Round "7.6"]
[Board "6"]
[White "Kostiukova, Liubov"]
[Black "Kreiling, Carsten"]
[Result "1-0"]
[WhiteElo "2232"]
[BlackElo "2092"]
[PlyCount "79"]
[EventDate "2023.10.22"]
[EventType "team-tourn"]
[EventCountry "GER"]
[WhiteTeam "Hofheim SV II"]
[BlackTeam "Eppstein SVG"]
[WhiteTeamCountry "GER"]
[BlackTeamCountry "GER"]

1. e4 c5 2. Nf3 d6 3. g3 Nc6 4. Bg2 Nf6 5. d3 g6 6. O-O Bg7 7. c3 O-O 8. Re1 e5 9. a3 Re8 10. b4 b6 11. Bb2 h6 12. Nbd2 Be6 13. h3 a6 14. d4 cxd4 15. cxd4 Nxd4 16. Nxd4 exd4 17. Bxd4 Rc8 18. Rc1 b5 19. Rxc8 Qxc8 20. Qa1 Nh5 21. Rc1 Qb7 22. Bxg7 Nxg7 23. Qd4 Rc8 24. Rxc8+ Qxc8 25. Qxd6 Qc1+ 26. Kh2 Qxa3 27. e5 Nf5 28. Qd8+ Kg7 29. g4 Qxb4 30. gxf5 gxf5 31. Kg3 a5 32. Nf3 a4 33. Nd4 a3 34. Nxe6+ fxe6 35. Qf6+ Kh7 36. Qxe6 f4+ 37. Kh2 f3 38. Qf7+ Kh8 39. Bxf3 Qd2 40. Bd5 1-0

[Event "Oberliga Ost B 2023 2024"]
[Site "?"]
[Date "2024.02.25"]
[Round "7.6"]
[Board "7"]
[White "Zweschper, Erich"]
[Black "Brendel, Oliver"]
[Result "1/2-1/2"]
[WhiteElo "1999"]
[BlackElo "2291"]
[PlyCount "35"]
[EventDate "2023.10.22"]
[EventType "team-tourn"]
[EventCountry "GER"]
[WhiteTeam "Eppstein SVG"]
[BlackTeam "Hofheim SV II"]
[WhiteTeamCountry "GER"]
[BlackTeamCountry "GER"]

1. d4 Nf6 2. Nf3 g6 3. e3 Bg7 4. Bd3 O-O 5. Nbd2 d6 6. b3 c5 7. Bb2 cxd4 8. exd4 Nc6 9. a3 e5 10. O-O Nd5 11. Be4 Nf6 12. Bxc6 bxc6 13. dxe5 Ng4 14. Re1 Re8 15. Nc4 d5 16. Nd6 Re6 17. Nxc8 Rxc8 18. Qd4 1/2-1/2